LEADER 01337nam a2200313 a 4500 001 000000125533 003 CaOOAMICUS 005 20110601102412.0 008 110601s2011 it u000 u ita r 020 $a978-88-13-30832-2 040 $aPUL$bita 082 04$a327.12 100 1 $aFerrari, Paolo.$0(OLS)http://pul/name/79479 245 10$aDietro le quinte :$beconomia e intelligence nelle guerre del Novecento /$cPaolo Ferrari, Alessandro Massignani. 260 $aPadova :$bCEDAM,$c2011. 300 $aXII, 191 p. ;$c27 cm. 500 $aInclude indice. 504 $aBibliografia in nota. 650 4$aSpionaggio e controspionaggio.$0(OLS)http://pul/subject/21569 650 4$aEconomia$ySec. XX-XXI.$0(OLS)http://pul/subject/37435 700 1 $aMassignani, Alessandro.$0(OLS)http://pul/name/79480 850 $aPUL 852 $aPUL$W1$xSL Diritto e Scienze Sociali 3$y79$m327. 12 FERPA 1$j144599$qDDC 21$B143620$CPULBib$Z2$F143620 $H117343 $82 941 1 $a9 996 $6020$a978-88-13-30832-2$9(OLS)http://pul/number/147376 996 $6082$a327.12$9(OLS)http://pul/classification/2028 996 $6245$aDietro le quinte :$beconomia e intelligence nelle guerre del Novecento$9(OLS)http://pul/title/158300 996 $6260$aPadova :$bCEDAM$9(OLS)http://pul/publisher/48126 LEADER 01035nam a2200253 u 4500 001 000000083515 003 CaOOAMICUS 005 20070226123958.0 008 050506s1936 fr u000 u fre u 035 $a11045460 040 $aPUL(R)$bita 100 1 $aBonsirven, Joseph,$cS.I.,$dn. 1880.$0(OLS)http://pul/name/2664 245 10$aEpistres de Saint Jean /$cintroduction, traduction et commentaire par Joseph Bonsirven. 250 $a2e éd. 260 $aParis :$bBeauchesne,$c1936. 300 $a310 p. ;$c18 cm 490 1 $aVerbum salutis ;$v9 630 04$aBiblia.$pN.T.$pIohannis I-II-III.$lFrancese$xCommenti.$0(OLS)http://pul/subject/28398 830 0$aVerbum salutis ;$v9.$0(OLS)http://pul/title/3674 850 $aPUL 852 $aPUL$W1$xDP1 Fondo Cecchetti$y53$m265 G 29$j106258$nBK-PRI$b $qFondi$B106258$CPULBib$Z2$F106258 $HPUL1285 $81 941 1 $a1 996 $6245$aEpistres de Saint Jean$9(OLS)http://pul/title/108846 996 $6260$aParis :$bBeauchesne$9(OLS)http://pul/publisher/48115